The contractor's guide to quality concrete construction. (Record no. 546905)

000 -LEADER
fixed length control field 00732cam a2200193 a 4500
020 ## - INTERNATIONAL STANDARD BOOK NUMBER
International Standard Book Number 0870311670
082 00 - DEWEY DECIMAL CLASSIFICATION NUMBER
Classification number 624.1834
Author Mark CON
-- N-01, P-108
245 04 - TITLE STATEMENT
Title The contractor's guide to quality concrete construction.
250 ## - EDITION STATEMENT
Edition statement 3rd ed.
260 ## - PUBLICATION, DISTRIBUTION, ETC.
Place of publication, distribution, etc. St. Louis, MO :
Name of publisher, distributor, etc. American Society of Concrete Contractors ;
Place of publication, distribution, etc. Farmington Hills, MI :
Name of publisher, distributor, etc. American Concrete Institute,
Date of publication, distribution, etc. c2005.
300 ## - PHYSICAL DESCRIPTION
Extent 147 p. :
Other physical details ill. ;
Dimensions 28 cm.
526 ## - STUDY PROGRAM INFORMATION NOTE
Program name 0
Interest level 0
Reading level 0
Title point value 624_183400000000000_CON
526 ## - STUDY PROGRAM INFORMATION NOTE
Program name 0
Interest level 0
Reading level 0
Title point value 624_183400000000000_CON
650 #0 - SUBJECT ADDED ENTRY--TOPICAL TERM
Topical term or geographic name entry element Concrete construction
General subdivision Quality control.
9 (RLIN) 43107
650 #0 - SUBJECT ADDED ENTRY--TOPICAL TERM
Topical term or geographic name entry element NUST
9 (RLIN) 6342
710 2# - ADDED ENTRY--CORPORATE NAME
Corporate name or jurisdiction name as entry element American Concrete Institute.
9 (RLIN) 37057
710 2# - ADDED ENTRY--CORPORATE NAME
Corporate name or jurisdiction name as entry element American Society of Concrete Contractors.
9 (RLIN) 43108
942 ## - ADDED ENTRY ELEMENTS (KOHA)
Source of classification or shelving scheme
Koha item type Book
Holdings
Withdrawn status Lost status Source of classification or shelving scheme Damaged status Not for loan Permanent Location Current Location Date acquired Total Checkouts Full call number Barcode Date last seen Price effective from Koha item type Date last checked out
          Military College of Engineering (MCE) Military College of Engineering (MCE) 06/20/2014   624.1834 CON MCE-37202 06/20/2014 06/20/2014 Book  
          Military College of Engineering (MCE) Military College of Engineering (MCE) 09/04/2014 1 624.1834 CON MCE-36442 03/13/2020 03/14/2021 Book 02/21/2020
© 2023 Central Library, National University of Sciences and Technology. All Rights Reserved.